1196 1542 1276 1198 1352 1290 1854 1456 1207 1629 1642 1598 1833 1829 1303 1578 1142 1638 1155 1759 1981 1508 1869 1986 1548 1721 1731 1015 1341 1878 1823 1144 1577 1384 1618 1239 1191 1432 1713 1136 1033 1450 1176 1328 1309 1162 1663 1097 1088 1971 1625 1305 1959 1877 1155 1932 1870 1952 1847 1563 1486 1287 1031 1387 1867 1827 1569 1307 1869 1198 1197 1212 1511 1112 1444 1512 1401 1078 1184 1552 1824 1542 1510 1920 1033 1402 1248 1297 1778 1116 1085 1151 1428 1918 1695 1663 1849 1912 1053 BCNSPRNW ULIB Ver.6.0+V

เปลี่ยนเป็นภาษาไทย

Change to English
 แสดงรายละเอียดบรรณานุกรม
  กลับหน้าหลัก

Brief Record : Get Marc (ISO 2709) : E-mail record : QR code < ปิดหน้าต่าง
LEADER : 00000nam 2200000uu 4500
001    13399113425
003     ULIB
008    110627s2553||||th 000 0 tha d
020    9786167083070
090    นว.^bส988ส 2553
100 0  โสภี พรรณราย
245 00 สาปคฤหาสน์/^cโสภี พรรณราย
250    พิมพ์ครั้งที่ 1
260    กรุงเทพฯ :^bบิวตี้ บุ๊ค,^c2553
300    294 หน้า
710 1  บิวตี้บุ๊ค
945    ^p220^l0^i028018
995    ทศพร
999 ^a ใช้งานได้ทุกระบบ
รายการนี้ยังไม่มีแท็ก
คุณยังไม่ได้ล็อกอิน คุณสามารถมีกิจกรรมร่วมกับเว็บไซต์ได้ แต่ต้องล็อกอินก่อน ::
  ล็อกอิน

รายการสื่อสารสนเทศ

ลำดับที่ ประเภท เลขเรียก/บาร์โค้ด สถานที่ สถานะ
1. นวนิยาย
นวนิยาย
นว. ส988ส 2553 ฉ.1 
  Barcode: 028018
ห้องสมุดวิทยาเขตสวรรค์ประชารักษ์
►นวนิยาย
ถูกยืม กำหนดส่งวันที่ 15 ธันวาคม 2559
  จอง

รายการใกล้เคียง
    ผู้แต่ง [โสภี พรรณราย]

BibComment


ยังไม่เคยถูกคอมเมนท์

คอมเมนท์ทรัพยากรรายการนี้
  คอมเมนท์: สาปคฤหาสน์ โสภี พ..


 Copyright 2026. Bcnsprnw @Library